|
|
|
|
| LEADER |
00747nam a2200301 a 4500 |
| 001 |
000000634 |
| 003 |
SVKKK |
| 005 |
20070223144403.0 |
| 008 |
030616c1980 xo e sloo |
| FMT |
|
|
|
| 038 |
|
|
|a SVKKK
|
| 040 |
|
|
|a SVKKK
|b slo
|e AACR2
|
| 041 |
0 |
|
|a slo
|
| 044 |
|
|
|a xo
|
| 080 |
|
|
|a 553.7(091)
|2 1981
|
| 100 |
1 |
|
|a Wernher, Juraj
|4 aut
|
| 245 |
1 |
0 |
|a Podivuhodné vody na Spiši /
|c Wernher Juraj
|
| 260 |
|
|
|a Martin :
|b Osveta,
|c 1980
|
| 300 |
|
|
|a 24 s.
|
| 650 |
0 |
4 |
|a vody minerálne liečivé
|z Spiš (Slovensko)
|x práce vedecké
|x dejiny
|x monografie
|
| 651 |
|
4 |
|a Spiš (Slovensko)
|x vody minerálne
|
| 958 |
|
|
|a NA
|
| 958 |
|
|
|a RE
|
| 974 |
|
|
|d 960415
|a 246
|
| 992 |
|
|
|a APH
|
| BAS |
|
|
|
| 852 |
|
|
|a SVKKK
|b BIB
|
| 998 |
|
|
|a GEO
|